Anuario de legislación ecuatoriana 1904

Dades bibliogràfiques
Autor corporatiu: Archivo del Poder Legislativo
Format: Llibre
Idioma:Spanish
Matèries:

MARC

LEADER 00000nam a2200000 a 4500
001 45441
005 20230308183316.0
008 000000|1904 ||||||||r|||||||||||spa||
040 |b spa 
041 1 |a spa 
082 0 |a 340 
110 2 |a Archivo del Poder Legislativo.  |9 7060 
245 |a Anuario de legislación ecuatoriana 1904  |c Archivo del Poder Legislativo  |h imp 
264 |a Quito  |b Imprenta Nacional  |c 1904 
300 |a 540 páginas:  |c 25.5 cm 
650 0 |a Legislación ecuatoriana  |9 7185 
852 |a UC-CDJBV  |c ESTANTERIA CERRADA  |f Compra  |k lucia.mora  |l 1  |m General  |p 00000000  |r 2  |t 45441  |b 0  |d CDRC  |e CDRC  |g 340 ESTANTERIA CERRADA  |z 0000-00-00 
942 |c BK 
999 |c 62567  |d 62567